[Event "Verbandsliga Suedbaden 2122"]
[Site "Baden"]
[Date "2022.03.13"]
[Round "7.2"]
[White "Schmitt, Anatole"]
[Black "Pfau, Michael"]
[Result "1-0"]
[WhiteElo "1957"]
[BlackElo "2012"]
[PlyCount "68"]
[EventDate "2021.10.10"]
[EventType "team-tourn"]
[EventRounds "9"]
[EventCountry "GER"]
[SourceTitle "EXT 2023"]
[Source "ChessBase"]
[SourceDate "2022.10.05"]
[SourceVersion "1"]
[SourceVersionDate "2022.10.05"]
[SourceQuality "1"]
[WhiteTeam "Heitersheim"]
[BlackTeam "Brombach II"]
[WhiteTeamCountry "GER"]
[BlackTeamCountry "GER"]

1. d4 d5 2. Bf4 c6 3. e3 Nf6 4. c4 e6 5. Nc3 Bd6 6. Bg3 0-0 7. Nf3 b6 8. Bd3 Bb7 9. Qe2 h6 10. e4 dxc4 11. Bxc4 Bb4 12. Bd3 c5 13. dxc5 Bxc3+ 14. bxc3 bxc5 15. Rb1 Bc6 16. Ne5 Ba4 17. 0-0 Nbd7 18. Nc4 Bc6 19. Rfd1 a5 20. Bc2 Ra7 21. Bd6 Qa8 22. Bxf8 Nxf8 23. f3 Ng6 24. Qe3 Qf8 25. Nd6 Nd7 26. f4 a4 27. e5 Ne7 28. c4 g6 29. g4 Kh8 30. Be4 Bxe4 31. Qxe4 Kg7 32. Nb5 f5 33. Qg2 fxg4 34. Nxa7 Qf5 1-0

[Event "Verbandsliga Suedbaden 2122"]
[Site "Baden"]
[Date "2021.11.21"]
[Round "3.3"]
[White "Pfau, Michael"]
[Black "Kalix, Wolfgang"]
[Result "0-1"]
[WhiteElo "2012"]
[BlackElo "2008"]
[PlyCount "146"]
[EventDate "2021.10.10"]
[EventType "team-tourn"]
[EventRounds "9"]
[EventCountry "GER"]
[SourceTitle "EXT 2023"]
[Source "ChessBase"]
[SourceDate "2022.10.05"]
[SourceVersion "1"]
[SourceVersionDate "2022.10.05"]
[SourceQuality "1"]
[WhiteTeam "Brombach II"]
[BlackTeam "Konstanz"]
[WhiteTeamCountry "GER"]
[BlackTeamCountry "GER"]

1. e4 e5 2. Nf3 Nc6 3. Bc4 d6 4. h3 Be7 5. d4 exd4 6. Nxd4 Nxd4 7. Qxd4 Nf6 8. 0-0 0-0 9. Nc3 Nd7 10. Be3 Ne5 11. Be2 Nc6 12. Qd2 Bf6 13. Rab1 Re8 14. f3 Be6 15. a3 Qd7 16. Kh2 Rad8 17. Rbd1 a6 18. f4 Qe7 19. Bf3 g6 20. Rfe1 Bg7 21. f5 gxf5 22. exf5 Bxf5 23. Bg5 Be5+ 24. Kh1 f6 25. Nd5 Qg7 26. Bh4 Rf8 27. c3 Rde8 28. Rf1 Bg6 29. Bf2 h6 30. Be3 Kh7 31. Be2 Nd8 32. Bd3 Ne6 33. Rf2 Ng5 34. Qc2 c6 35. Nf4 Bxf4 36. Bxf4 Ne4 37. Bxe4 Bxe4 38. Qd2 d5 39. Rdf1 Re6 40. Be3 Qg6 41. Rf4 Qxg2+ 42. Qxg2 Bxg2+ 43. Kxg2 Rxe3 44. R1f2 Re4 45. R4f3 Kg6 46. Rg3+ Kf7 47. Rgf3 Ke6 48. Rg3 Re5 49. h4 Kf7 50. Rgf3 Re6 51. Kh3 Rg8 52. a4 a5 53. Rf5 b6 54. R2f3 Rg1 55. R3f4 Rge1 56. Rf3 R1e2 57. b3 R2e5 58. Kg4 Rxf5 59. Kxf5 Re5+ 60. Kg4 Re4+ 61. Kg3 Ke6 62. h5 c5 63. Kf2 d4 64. cxd4 cxd4 65. Rg3 Rh4 66. Rd3 Ke5 67. Rg3 Rxh5 68. Rg8 Rh3 69. Re8+ Kf5 70. Rd8 Rxb3 71. Rxd4 Rb4 72. Rd6 Ke5 73. Rc6 h5 0-1

[Event "Basel op"]
[Site "Basel"]
[Date "2015.01.03"]
[Round "4"]
[White "Meier, Volker"]
[Black "Pfau, Michael"]
[Result "1-0"]
[WhiteElo "2254"]
[BlackElo "2000"]
[PlyCount "75"]
[EventDate "2015.01.01"]
[EventType "swiss"]
[EventRounds "7"]
[EventCountry "SUI"]
[SourceTitle "CBM 164 Extra"]
[Source "ChessBase"]
[SourceDate "2015.03.02"]
[SourceVersion "1"]
[SourceVersionDate "2015.03.02"]
[SourceQuality "1"]

1. e4 e5 2. Nf3 Nc6 3. Bb5 Nd4 4. Nxd4 exd4 5. 0-0 Qh4 6. d3 Bc5 7. Nd2 Ne7 8. c3 a6 9. Ba4 b5 10. Nf3 Qf6 11. cxd4 Bxd4 12. Nxd4 Qxd4 13. Bb3 0-0 14. Be3 Qf6 15. d4 d6 16. Rc1 c6 17. Qd2 h6 18. Rfe1 Bb7 19. e5 Qg6 20. exd6 Qxd6 21. d5 Nxd5 22. Bc5 Qd7 23. Bxf8 Rxf8 24. Bxd5 cxd5 25. Qd4 Ba8 26. Re3 a5 27. h3 a4 28. a3 Kh7 29. Rg3 g6 30. Rgc3 Kg8 31. Rc7 Qf5 32. Re7 g5 33. Rcc7 Qb1+ 34. Kh2 Qf1 35. Qf6 d4 36. Qg6+ Kh8 37. Qxh6+ Kg8 38. Qxg5+ 1-0

[Event "Basel op"]
[Site "Basel"]
[Date "2015.01.01"]
[Round "1"]
[White "Pfau, Michael"]
[Black "Schwierskott, Marc"]
[Result "1-0"]
[WhiteElo "2000"]
[BlackElo "2232"]
[PlyCount "131"]
[EventDate "2015.01.01"]
[EventType "swiss"]
[EventRounds "7"]
[EventCountry "SUI"]
[SourceTitle "CBM 164 Extra"]
[Source "ChessBase"]
[SourceDate "2015.03.02"]
[SourceVersion "1"]
[SourceVersionDate "2015.03.02"]
[SourceQuality "1"]

1. e4 d6 2. h3 Nf6 3. Bd3 g6 4. c3 Bg7 5. Bc2 0-0 6. d3 e5 7. Be3 d5 8. Qc1 Na6 9. Nf3 Re8 10. b4 d4 11. Bd2 dxc3 12. Bxc3 Nh5 13. g3 Qd6 14. a3 b5 15. Nbd2 c5 16. Qb2 Bd7 17. Kf1 h6 18. Kg2 Rac8 19. Rac1 Rc7 20. Bb1 Kh7 21. Nf1 f6 22. Ne3 cxb4 23. axb4 Be6 24. Rhd1 Qd7 25. Ng1 Bf8 26. d4 exd4 27. Rxd4 Qc8 28. Nd5 Bxd5 29. Rxd5 Bxb4 30. Bxb4 Rxc1 31. Bd2 Rc5 32. g4 Ng7 33. Qxf6 Qe6 34. Qh4 Rxd5 35. Qxh6+ Kg8 36. exd5 Qxd5+ 37. Nf3 Rf8 38. Bf4 Rxf4 39. Qxf4 Nc5 40. Bxg6 Nce6 41. Qb8+ Nf8 42. Kg3 Nge6 43. h4 Qd8 44. Qe5 Qc7 45. Bd3 Qxe5+ 46. Nxe5 Nd4 47. h5 a5 48. h6 a4 49. Kf4 a3 50. Bb1 b4 51. Nc4 Nc2 52. Nd2 Nd4 53. Ke5 Ne2 54. Ba2+ Kh7 55. g5 Nc3 56. Bc4 a2 57. Nb3 Nd1 58. Bd3+ Kh8 59. f4 Ne3 60. f5 Ng4+ 61. Kf4 Nf2 62. Bc2 Nd7 63. f6 Kg8 64. Kf5 Nf8 65. g6 Nh3 66. f7+ 1-0

[Event "Basel op"]
[Site "Basel"]
[Date "2014.01.03"]
[Round "4"]
[White "Pfau, Michael"]
[Black "Viennot, Dylan"]
[Result "0-1"]
[WhiteElo "1984"]
[BlackElo "2237"]
[PlyCount "82"]
[EventDate "2014.01.01"]
[EventType "swiss"]
[EventRounds "7"]
[EventCountry "SUI"]
[SourceTitle "CBM 158 Extra"]
[Source "ChessBase"]
[SourceDate "2014.02.28"]
[SourceVersion "1"]
[SourceVersionDate "2014.02.28"]
[SourceQuality "1"]

1. e4 e6 2. Nf3 d5 3. e5 c5 4. Bb5+ Bd7 5. Bxd7+ Qxd7 6. 0-0 Nc6 7. Re1 Nh6 8. d3 Nf5 9. c3 Be7 10. Bf4 h6 11. g4 Nh4 12. Nxh4 Bxh4 13. Nd2 0-0-0 14. Qe2 Be7 15. a3 Kb8 16. b4 g5 17. Bg3 h5 18. gxh5 Rh7 19. bxc5 Bxc5 20. d4 Bb6 21. Nf1 Na5 22. Ne3 Rc8 23. Rac1 Nc4 24. Ng4 Rhh8 25. h6 Qa4 26. Qf3 Rcf8 27. Ra1 Bd8 28. Qd3 Be7 29. h7 Ka8 30. Nf6 Bxf6 31. exf6 Rc8 32. f4 gxf4 33. Bxf4 Na5 34. Rac1 Qc4 35. Qh3 Nb3 36. Qh5 Nxc1 37. Rxc1 Qd3 38. Qxf7 Qe4 39. Rf1 Rxh7 40. Qg7 Rxg7+ 41. fxg7 Qg6+ 0-1

[Event "Basel Hilton op 12th"]
[Site "Basel"]
[Date "2010.01.03"]
[Round "4"]
[White "Ditzler, Juerg"]
[Black "Pfau, Michael"]
[Result "0-1"]
[WhiteElo "2084"]
[BlackElo "2010"]
[PlyCount "111"]
[EventDate "2010.01.01"]
[EventType "swiss"]
[EventRounds "7"]
[EventCountry "SUI"]
[SourceTitle "CBM 134 Extra"]
[Source "ChessBase"]
[SourceDate "2010.03.03"]
[SourceVersion "1"]
[SourceVersionDate "2010.03.03"]
[SourceQuality "1"]

1. Nf3 Nc6 2. d4 d5 3. g3 Bg4 4. Bg2 Qd7 5. h3 Bf5 6. g4 Be4 7. Nc3 e6 8. Bf4 Bb4 9. 0-0 Bxc3 10. bxc3 f6 11. c4 g5 12. Bg3 h5 13. c3 hxg4 14. hxg4 Nh6 15. Qb3 b6 16. cxd5 exd5 17. Nh2 Na5 18. Qb4 Bxg2 19. Kxg2 Nxg4 20. Nxg4 Qxg4 21. f3 Qd7 22. Rh1 0-0-0 23. a4 g4 24. Qb5 gxf3+ 25. exf3 Qf5 26. Rxh8 Qc2+ 27. Kg1 Rxh8 28. Qxd5 Kb8 29. Re1 Qg6 30. Kf2 Qc2+ 31. Re2 Qxc3 32. Re7 Qc2+ 33. Re2 Qh7 34. Qe6 Qg7 35. Rc2 Rg8 36. Bxc7+ Ka8 37. Ke3 Qg1+ 38. Ke4 Qg6+ 39. Qf5 Re8+ 40. Kf4 Qh6+ 41. Kg3 Rg8+ 42. Kf2 Qh4+ 43. Ke3 Qe1+ 44. Kf4 Qg3+ 45. Ke4 Qe1+ 46. Kd5 Rg5 47. Qxg5 fxg5 48. Be5 Qd1 49. Rc8+ Kb7 50. Rc7+ Ka6 51. Ke6 Qxf3 52. d5 Qb3 53. Rg7 Nb7 54. Bb8 Qh3+ 55. Kf6 Qf3+ 56. Ke6 0-1

[Event "Basel Hilton op 08th"]
[Site "Basel"]
[Date "2006.01.04"]
[Round "4"]
[White "Pfau, Michael"]
[Black "Bhend, Edwin"]
[Result "0-1"]
[WhiteElo "1921"]
[BlackElo "2271"]
[PlyCount "138"]
[EventDate "2006.01.01"]
[EventType "swiss"]
[EventRounds "7"]
[EventCountry "SUI"]
[SourceTitle "CBM 110 Extra"]
[Source "ChessBase"]
[SourceDate "2006.03.10"]
[SourceVersion "2"]
[SourceVersionDate "2006.03.10"]
[SourceQuality "1"]

1. e4 c5 2. Nc3 Nc6 3. Nf3 Nf6 4. h3 d6 5. Bb5 Bd7 6. a4 e6 7. 0-0 Be7 8. Re1 0-0 9. d4 cxd4 10. Nxd4 Qc7 11. Nf3 a6 12. Bf1 Rfd8 13. Bf4 Be8 14. Nd2 Ne5 15. Qe2 Nfd7 16. Be3 Bf6 17. Red1 Ng6 18. Ndb1 Nc5 19. Bd4 Bxd4 20. Rxd4 Nf4 21. Qe3 e5 22. Rd2 Bc6 23. b4 Nd7 24. Na3 Nf6 25. b5 Be8 26. Rad1 Ne6 27. Nd5 Nxd5 28. Rxd5 Nc5 29. Nc4 Nxa4 30. b6 Qe7 31. Nxd6 Bc6 32. Nf5 Qf8 33. Rd6 Rxd6 34. Rxd6 Rd8 35. Qd3 Rxd6 36. Nxd6 Nxb6 37. c4 Na4 38. f3 Qd8 39. Qa3 Qb6+ 40. Kh2 Qc5 41. Qd3 g6 42. Nc8 Kg7 43. Qd8 Qf8 44. Qc7 Qe8 45. Nd6 Qd7 46. Qxd7 Bxd7 47. Nxb7 Bc8 48. Na5 Nc5 49. Kg3 Bd7 50. Kf2 Kf6 51. Ke3 Ke7 52. Kd2 Kd6 53. Kc3 Ba4 54. Kb4 Bd1 55. f4 f6 56. fxe5+ fxe5 57. g4 Bf3 58. Nb3 Nxb3 59. Kxb3 Kc5 60. Bd3 Kd4 61. Bf1 Bxe4 62. Kb4 Bb7 63. g5 e4 64. c5 e3 65. Be2 Be4 66. Bg4 Bc6 67. Be2 a5+ 68. Kxa5 Kxc5 69. h4 Bd5 0-1

[Event "Basel Hilton op 08th"]
[Site "Basel"]
[Date "2006.01.02"]
[Round "2"]
[White "Pfau, Michael"]
[Black "Hernandez Penna, Sabina"]
[Result "0-1"]
[WhiteElo "1921"]
[BlackElo "2158"]
[PlyCount "108"]
[EventDate "2006.01.01"]
[EventType "swiss"]
[EventRounds "7"]
[EventCountry "SUI"]
[SourceTitle "CBM 110 Extra"]
[Source "ChessBase"]
[SourceDate "2006.03.10"]
[SourceVersion "2"]
[SourceVersionDate "2006.03.10"]
[SourceQuality "1"]

1. Nc3 d5 2. d4 Nf6 3. Bg5 Bf5 4. f3 Bg6 5. Nh3 Nbd7 6. Nf4 c6 7. e3 e6 8. Be2 Bd6 9. Qd2 Qc7 10. 0-0-0 b5 11. Nxg6 hxg6 12. e4 b4 13. Nxd5 Qa5 14. Kb1 cxd5 15. e5 Nxe5 16. dxe5 Bxe5 17. g4 Rb8 18. Bf4 Qc7 19. Bxe5 Qxe5 20. f4 Qc7 21. Bf3 Rh3 22. Bg2 Rc3 23. f5 gxf5 24. gxf5 Rc6 25. fxe6 fxe6 26. Qe2 Qa5 27. Qe5 Rbc8 28. Rhe1 Kf8 29. Rf1 Qc7 30. Qxc7 R8xc7 31. Rd2 Ke7 32. Re1 Kd6 33. Rde2 Re7 34. Re5 Rc4 35. b3 Rh4 36. h3 Ne4 37. R5xe4 dxe4 38. Bxe4 Rxh3 39. Rd1+ Kc5 40. Rd8 Rc7 41. Kb2 g5 42. a3 bxa3+ 43. Kxa3 Rg7 44. Bd3 g4 45. b4+ Kc6 46. Ka4 g3 47. Be4+ Kc7 48. Rd1 g2 49. Rg1 Rhg3 50. Kb5 R7g5+ 51. Ka4 e5 52. c4 R5g4 53. Bd5 e4 54. Kb5 Rf4 0-1

[Event "Neckar op-B 7th"]
[Site "Deizisau"]
[Date "2003.04.19"]
[Round "4"]
[White "Ungerer, Markus"]
[Black "Pfau, Michael"]
[Result "1-0"]
[WhiteElo "1951"]
[BlackElo "1911"]
[PlyCount "63"]
[EventDate "2003.04.18"]
[EventType "swiss"]
[EventRounds "6"]
[EventCountry "GER"]
[SourceTitle "CBM 093 Extra"]
[Source "ChessBase"]
[SourceDate "2003.05.09"]
[SourceVersion "1"]
[SourceVersionDate "2003.05.09"]
[SourceQuality "1"]

1. e4 e5 2. Nf3 Nc6 3. Bb5 Nd4 4. Nxd4 exd4 5. d3 Qh4 6. Nd2 Bc5 7. Nf3 Qh5 8. Bc4 d6 9. Qd2 h6 10. b4 Bb6 11. Bb2 Bh3 12. Nxd4 Bxg2 13. Rg1 Qxh2 14. 0-0-0 Qh3 15. Nf5 0-0-0 16. Bxf7 d5 17. Nxg7 Qf3 18. Bh5 Qh3 19. Qf4 Kb8 20. Bg4 Qh4 21. Rxg2 h5 22. Nf5 Rf8 23. Bxh8 hxg4 24. Bg7 Rf7 25. Rh2 Qd8 26. Rh8 a6 27. Qxg4 Ka7 28. Be5 Rf8 29. Qg7 Bxf2 30. Bxc7 Qe8 31. Nd6 Be3+ 32. Kb1 1-0